Building sentences english
Spremljeno u:
| Glavni autor: | |
|---|---|
| Format: | Knjiga |
| Jezik: | Spanish |
| Izdano: |
[s.n.]
[s.f.]
|
| Teme: | |
| Oznake: |
Dodaj oznaku
Bez oznaka, Budi prvi tko označuje ovaj zapis!
|
MARC
| LEADER | 00000nam a22000007a 4500 | ||
|---|---|---|---|
| 008 | 180921b xxu||||| |||| 00| 0 spa d | ||
| 040 | |a cru BVZT | ||
| 090 | |a 415-I H-1v | ||
| 100 | |a Hall, Eugene | ||
| 245 | |a Building sentences english |c Hall, Eugene | ||
| 260 | |a [s.n.] |c [s.f.] | ||
| 300 | |a [s.p] | ||
| 650 | |a GRAMÁTICA INGLESA |9 97 | ||
| 942 | |2 z |c LIB |0 1 | ||
| 999 | |c 30599 |d 30599 | ||
